Acreage, production and prices of major agricultural crops of West Pakistan (Punjab) : (Record no. 73638)
[ view plain ]
| 000 -LEADER | |
|---|---|
| fixed length control field | 00741nam a2200229 a 4500 |
| 001 - CONTROL NUMBER | |
| control field | 73638 |
| 003 - CONTROL NUMBER IDENTIFIER | |
| rucl marc code | BD-RjUL |
| 005 - DATE AND TIME OF LATEST TRANSACTION | |
| control field | 20211209082424.0 |
| 008 - FIXED-LENGTH DATA ELEMENTS--GENERAL INFORMATION | |
| fixed length control field | 170606s1961 pk a 000 0 eng d |
| 035 ## - SYSTEM CONTROL NUMBER | |
| System control number | (BD-RjUL)73856 |
| 040 ## - CATALOGING SOURCE | |
| Original cataloging agency | ANL |
| Language of cataloging | eng |
| Transcribing agency | ANL |
| 041 ## - LANGUAGE CODE | |
| Language code of text/sound track or separate title | eng |
| 082 ## - DEWEY DECIMAL CLASSIFICATION NUMBER | |
| Edition number | 23 |
| Classification number | 338.17 |
| Author mark and year | RAA 1961 |
| 100 1# - MAIN ENTRY--PERSONAL NAME | |
| Personal name | Rab, Abdur. |
| 9 (RLIN) | 83271 |
| 245 10 - TITLE STATEMENT | |
| Title | Acreage, production and prices of major agricultural crops of West Pakistan (Punjab) : |
| Remainder of title | 1931-59 / |
| Statement of responsibility, etc. | Abdur Rab. |
| 260 ## - PUBLICATION, DISTRIBUTION, ETC. (IMPRINT) | |
| Place of publication, distribution, etc. | Karachi, Pakistan : |
| Name of publisher, distributor, etc. | The Institute of Development Economics, |
| Date of publication, distribution, etc. | 1961 |
| 300 ## - PHYSICAL DESCRIPTION | |
| Pagination | 73 p. : |
| Illustrations | ill. ; |
| Size | 25 cm. |
| 490 0# - SERIES STATEMENT | |
| Series statement | Statistical papers |
| Volume/sequential designation | 1 |
| 650 ## - SUBJECT ADDED ENTRY--TOPICAL TERM | |
| Topical term or geographic name as entry element | Agriculture |
| General subdivision | Economic aspects |
| 9 (RLIN) | 217959 |
| 830 ## - SERIES ADDED ENTRY--UNIFORM TITLE | |
| Uniform title | Statistical papers |
| Volume number/sequential designation | 1 |
| 942 ## - ADDED ENTRY ELEMENTS (KOHA) | |
| Source of classification or shelving scheme | Dewey Decimal Classification |
| Koha item type | Books |
| Lost status | Source of classification or shelving scheme | Damaged status | Not for loan | Collection code | Permanent Location | Current Location | Shelving location | Date acquired | Source of acquisition | Cost, normal purchase price | Total Checkouts | Full call number | Date last seen | Copy number | Koha item type |
|---|---|---|---|---|---|---|---|---|---|---|---|---|---|---|---|
| Dewey Decimal Classification | Not For Loan | Non-fiction | Central Library, University of Rajshahi | Central Library, University of Rajshahi | Reading Room | 05/03/1968 | Karachi | 5.00 | 338.17 RAA 1961 | 06/06/2017 | C-1 | Books |